000 00303nam a22001337a 4500
008 221010b ||||| |||| 00| 0 eng d
041 _aeng
080 _a611.085
082 _a611.085
100 _a15.1
101 _aHISTOPA
245 _aCOLOR ATLAS OF HISTOPATHOLOGY
_cCURRAN.C.R
942 _2udc
_cBK
999 _c58441
_d58441